Garantizar el principio de equidad en la contienda electoral, ¿deber de los gobiernos? : (Record no. 121280)
[ view plain ]
| 000 -LEADER | |
|---|---|
| fixed length control field | 00915nam a22002057a 4500 |
| 005 - DATE AND TIME OF LATEST TRANSACTION | |
| control field | 20161109084018.0 |
| 008 - FIXED-LENGTH DATA ELEMENTS--GENERAL INFORMATION | |
| fixed length control field | 161109b2016 mx ||||| |||| 00| 0 spa d |
| 020 ## - INTERNATIONAL STANDARD BOOK NUMBER | |
| International Standard Book Number | 9786077083351 |
| 050 04 - LIBRARY OF CONGRESS CALL NUMBER | |
| Classification number | KK5456 |
| Item number | G37 2016 |
| 245 00 - TITLE STATEMENT | |
| Title | Garantizar el principio de equidad en la contienda electoral, ¿deber de los gobiernos? : |
| Remainder of title | sentencia BVerfGE 44, 125. Tribunal Constitucional Federal de Alemania / |
| Statement of responsibility, etc | comentaristas Manuel González Oropeza, Perla Gómez Gallardo. |
| 250 ## - EDITION STATEMENT | |
| Edition statement | Primera edición |
| 260 ## - PUBLICATION, DISTRIBUTION, ETC. (IMPRINT) | |
| Place of publication, distribution, etc | México : |
| Name of publisher, distributor, etc | Tribunal Electoral del Poder Judicial de la Federación, |
| Date of publication, distribution, etc | 2016 |
| 300 ## - PHYSICAL DESCRIPTION | |
| Extent | 141 páginas ; |
| Dimensions | 22 cm. |
| 490 #0 - SERIES STATEMENT | |
| Series statement | Sentencias Revelantes de Cortes Extranjeras, |
| Volume number/sequential designation | 4 |
| 651 #7 - SUBJECT ADDED ENTRY--GEOGRAPHIC NAME | |
| Source of heading or term | lemb |
| Geographic name | Alemania |
| General subdivision | Tribunales constitucionales |
| -- | Sentencias |
| 651 #7 - SUBJECT ADDED ENTRY--GEOGRAPHIC NAME | |
| Source of heading or term | lemb |
| Geographic name | Alemania |
| General subdivision | Eleccioones |
| 700 1# - ADDED ENTRY--PERSONAL NAME | |
| Personal name | González Oropeza, Manuel, |
| Relator term | coment. |
| 700 1# - ADDED ENTRY--PERSONAL NAME | |
| Personal name | Gómez Gallardo,Perla, |
| Relator term | coment. |
| 942 ## - ADDED ENTRY ELEMENTS (KOHA) | |
| Source of classification or shelving scheme | Biblioteca del Cogreso de los Estados Unidos |
| Koha item type | Libro |
| Estado de pérdida | Fuente de clasificación | Estado del daño | No para préstamo | Ubicación permanente | Ubicación actual | Apartado o colección | Fecha de adquisición | Fuente de adquisición | Edición | Enumeración de Serie / Cronológica | Dependencia de educación superior (DES) | Área del conocimiento | Clasificación | Código de Barras | Date last seen | Número de copia | Tipo de recurso |
|---|---|---|---|---|---|---|---|---|---|---|---|---|---|---|---|---|---|
| Biblioteca del Cogreso de los Estados Unidos | Biblioteca de la Facultad de Derecho y Ciencias Sociales "Felipe J. Tena" | Biblioteca de la Facultad de Derecho y Ciencias Sociales "Felipe J. Tena" | General | 09/11/2016 | Unidad Académica Genérico | 1a ed. | BFD000007991 | Derecho | Ciencias Sociales y Administrativas | KK5456 G37 2016 V. 4 | BFD000007991 | 09/11/2016 | 1 | Libro |